| 000 | 00553nam a2200169Ia 4500 | ||
|---|---|---|---|
| 008 | 090711s9999 xx 000 0 und d | ||
| 082 | _b79972 | ||
| 100 | _aदेऊळगावकर अतुल | ||
| 245 | _aडळमळले भुमंडळ | ||
| 260 |
_bग्रंथाली _c1997 |
||
| 300 | _a170 | ||
| 600 | _aदेऊळगावकर अतुल | ||
| 630 | _aडळमळले भुमंडळ | ||
| 700 | _aदेऊळगावकर अतुल | ||
| 730 | _aडळमळले भुमंडळ | ||
| 942 | _cBOOK | ||
| 999 |
_c321237 _d321237 |
||